000 00452nam a2200157 i 4500
001 104088
003 ES-MaACL
005 20230906183516.0
007 t|
008 051123s1909 fr ||||1| fre d
100 1 _aMéyendorff, Conrad.
_980775
245 1 3 _aL'empire du soleil
_b: Pérou e Bolivie /
_cConrad Meyendorff.
260 _aParis :
_bG. de Malherbe,
_c1909.
300 _aLVI, 318 p., XII :
_bil. ;
_c28 cm.
852 _aES-MaACL
_jF-1116
999 _c104088
_d104088